000 00763nam a2200229Ia 4500
001 16739
003 GE_BSU
008 181216s||||||||xx |||||||||||||| ||und||
040 _cGE_BSU
080 _a94(479.223)
100 _aზოიძე, ვახტანგ
245 _aგამართლება
245 _bნარკვევები აჭარის ისტ. წარსულზე
245 _cრედ. ლ.ბეჟანიძე
260 _aბათუმი
260 _bაჭარა
260 _c1990
300 _a118 გვ. : ილ. ; 19 სმ.
653 _aგამართლება
653 _aნარკვევები აჭარის ისტ. წარსულზე
942 _cBK
999 _c49804
_d49804